Представление документа в формате MARC21

Поле Инд. ПП Название Значение
Тип записи a
Библиографический уровень b
001 Контрольный номер RU/IS/BASE/243608203
005 Дата корректировки 20200522191138.0
008 Кодируемые данные 20070920
040 b Код языка каталог. rus
e Правила каталог. PSBO
041 0_ a Код языка текста rus
084 a Индекс другой классификации/Индекс ББК 85.147.5(2)л61; 85.143(2)5л61; 63.3(2)5-7
100 1_ a Автор Филатова Г.
q Полное имя Филатова Галина
245 10 a Заглавие Фамильная галерея Воронцовых
520 0_ a Аннотация В статье представлена история рода Воронцовых в портретах из собрания Алупкинского дворца-музея (XVIII - XIX вв.)
600 14 a Персоналии Воронцовы-Дашковы (князья)
650 04 a Основная рубрика живопись
a Основная рубрика изобразительное искусство
a Основная рубрика искусство; история изобразительного искусства
a Основная рубрика история
653 0_ a Ключевые слова XIX век
a Ключевые слова XVIII век
a Ключевые слова Алупка
a Ключевые слова Алупкинский дворец-музей
a Ключевые слова дворцы
a Ключевые слова коллекции
a Ключевые слова музеи
a Ключевые слова портретная живопись
a Ключевые слова портреты
a Ключевые слова Россия
a Ключевые слова скульптура
773 0_ t Заглавие источника Наше наследие
d Дата издания источника 1993
g Прочая информация № 26. - С. 98 - 107 : ил.
w Контрольный № источника RU/IS/BASE/179596858
901 t Тип документа b